000 00618nam a2200229Ia 4500
003 OSt
005 20220928103238.0
006 a|||||r|||| 00| 0
007 ta
008 220927b |||||||| |||| 00| 0 eng d
024 _a62551
037 _cTextual
040 _aSDCL
_cSDCL
_beng
041 _2eng
_aeng
082 _aND2,J, N1
100 _aTiwari Marutinandan
_9403083
245 0 _aMadyakalin bhartia murtikala
260 _aVaranasi
_bVishvidhalaya Prakashan
_c1991
300 _a206p(80plates)
_ccm.
942 _hND2,J, N1
_cTEXL
_2CC
999 _c718878
_d718878